banner koha

The chemotaxonomy of rhoeadales with special reference to alkaloid distribution in Amazonian capparidaceae [planta medicinal, alcaloide] (Registro n. 303881)

MARC details
000 -LÍDER
campo de controle de tamanho fixo 01174naa a22003137a 4500
001 - NÚMERO DE CONTROLE
campo de controle BR6700367
003 - IDENTIFICADOR DO NÚMERO DE CONTROLE
campo de controle BR-BrBNA
005 - DATA E HORÁRIO DA ÚLTIMA TRANSAÇÃO
campo de controle 20240918173315.0
007 - CAMPO FIXO DE DESCRIÇÃO FÍSICA--INFORMAÇÃO GERAL
campo de controle de tamanho fixo ta
008 - CAMPO DE DADOS FIXOS--INFORMAÇÃO GERAL
campo de controle de tamanho fixo 230509b bl.||||| |||| 00| 0 por d
040 ## - FONTE DA CATALOGAÇÃO
Instituição da catalogação original BR-BrBNA
Idioma da catalogação por
Instituição que transcreveu o registro Biblioteca Nacional de Agricultura
041 ## - CÓDIGO DE IDIOMA
Código do idioma do texto/trilha sonora ou título diferente (En)
072 ## - CÓDIGO DE CATEGORIA DE ASSUNTO
Código de Categoria de Assunto F60; F70
Código do objeto 2790
090 ## - NÚMERO DE CHAMADA LOCAL
Número de chamada F60 BR6700367
100 1# - ENTRADA PRINCIPAL--NOME PESSOAL
Nome pessoal Hashimoto, Y.
100 1# - ENTRADA PRINCIPAL--NOME PESSOAL
Nome pessoal Kato, A.
111 1# - ENTRADA PRINCIPAL--NOME DO EVENTO
Nome do evento ou lugar Simposio sobre a Biota Amazonica
Local do evento Belem, PA (Brazil)
Data do evento ou assinatura do tratado 6 Jun 1966
245 1# - TÍTULO
Título The chemotaxonomy of rhoeadales with special reference to alkaloid distribution in Amazonian capparidaceae [planta medicinal, alcaloide]
260 3# - PUBLICAÇÃO, DISTRIBUIÇÃO, ETC.
Local de publicação, distribuição, etc. Rio de Janeiro, GB (Brasil):
Data da publicação, distribuição, etc. 1967.
500 ## - NOTA GERAL
Nota geral Atas do Simposio sobre a Biota Amazonica, v. 4: botanica<br/>Rio de Janeiro, GB (Brasil): 1967. p. 125-128<br/>(BR6700367-AM)F60<br/>
650 ## - ASSUNTO--TERMO TÓPICO
Cabeçalho tópico ou nome geográfico RHOEADALES
650 ## - ASSUNTO--TERMO TÓPICO
Cabeçalho tópico ou nome geográfico CAPPARACEAE
650 ## - ASSUNTO--TERMO TÓPICO
Cabeçalho tópico ou nome geográfico ANALISE QUIMICA
650 ## - ASSUNTO--TERMO TÓPICO
Cabeçalho tópico ou nome geográfico PLANTA MEDICINAL
650 ## - ASSUNTO--TERMO TÓPICO
Cabeçalho tópico ou nome geográfico ALCALOIDE
773 0# - ENTRADA ANALÍTICA
Título Atas do Simposio sobre a Biota Amazonica, v. 4: botanica
Número de controle do registro F60 BR6700367
Partes relacionadas Rio de Janeiro, GB (Brasil), 1967. p. 125-128
909 ## -
-- 202404
-- Lucia
-- 55
-- Lucia Elande
942 ## - ELEMENTOS DE ENTRADA ADICIONADOS (KOHA)
Tipo de material Koha Capítulo-Livro
Fonte da classificação ou esquema de arquivamento na estante Classificação AGRIS
Exemplares
Situação do descarte Fonte da classificação ou esquema de arquivamento na estante Situação física Não pode ser emprestado Coleção Biblioteca de origem Biblioteca atual Localização na estante Total de empréstimos Número de telefone completo Data de último acesso Número do exemplar Tipo de material Koha Situação das perdas Data de aquisição Fonte de aquisição
  Classificação AGRIS       Biblioteca Nacional de Agricultura - Binagri Biblioteca Nacional de Agricultura - Binagri Agrobase - Acervo Geral   P01 BR2020000497 20/05/2024 01 Capítulo-Livro   2024-04-11 Portaria Interministerial nº 164/94

BINAGRI

Telefone: (61)3218-2567/2388/3357/2097 - binagri@agro.gov.br

Ministério da Agricultura e Pecuária , Esplanada dos Ministérios, Bloco D, Anexo B, Brasília/DF, CEP: 70.043-900